| 000 | 00448nam a2200169Ia 4500 | ||
|---|---|---|---|
| 008 | 131103s9999 xx 000 0 und d | ||
| 040 | _aLoreto College | ||
| 041 | _aEnglish | ||
| 082 |
_aREF _bLCBED/10236 |
||
| 245 | 4 |
_aThe new Encyclopaedia Britannica _b in 32 volumes |
|
| 250 | _a15th ed. | ||
| 260 |
_aChicago _bEncyclopaedia Britannica _c1985 |
||
| 300 |
_a744p. _c 24cm |
||
| 650 | _aEncyclopaedia | ||
| 850 | _aLCBED/REF | ||
| 942 | _cBK | ||
| 999 |
_c30983 _d81462 |
||